| 000 -LEADER |
| fixed length control field |
00632cam a2200193 a 4500 |
| 020 ## - INTERNATIONAL STANDARD BOOK NUMBER |
| ISBN |
971560014X |
| 040 ## - CATALOGING SOURCE |
| Transcribing agency |
AUT |
| 082 ## - DEWEY DECIMAL CLASSIFICATION NUMBER |
| Classification number |
631 SEA 1998 A091 Or. |
| 245 00 - TITLE STATEMENT |
| Title |
Catalogue of conservation practices for agriculture on sloping land / |
| 260 ## - PUBLICATION, DISTRIBUTION, ETC. (IMPRINT) |
| Place of publication |
College, Laguna, Philippines ; |
| -- |
SEARCA, |
| Year of publication |
1998. |
| 300 ## - PHYSICAL DESCRIPTION |
| Number of Pages |
x, 158 p. : |
| Other physical details |
ill. (some col.) ; |
| Dimensions |
30 cm. |
| 650 #0 - SUBJECT ADDED ENTRY--TOPICAL TERM |
| Topical Term |
Hill farming |
| 650 #0 - SUBJECT ADDED ENTRY--TOPICAL TERM |
| Topical Term |
Agricultural conservation |
| 700 1# - ADDED ENTRY--PERSONAL NAME |
| Personal name |
Gomez, Arturo A. |
| 700 1# - ADDED ENTRY--PERSONAL NAME |
| Personal name |
Kelly, David E. Swete. |
| 700 1# - ADDED ENTRY--PERSONAL NAME |
| Personal name |
Baril, Ma. Theresa A. |
| 710 2# - ADDED ENTRY--CORPORATE NAME |
| Corporate name or jurisdiction name as entry element |
SEAMEO Regional Center for Graduate Study and Research in Agriculture. |
| 942 ## - ADDED ENTRY ELEMENTS (KOHA) |
| Koha item type |
សៀវភៅភាសាអង់គ្លេស |
| 952 ## - LOCATION AND ITEM INFORMATION (KOHA) |
| Withdrawn status [LOCAL, KOHA] |
0 |